American Cultural Studies : An Introduction to American Culture /
Acercamiento interdisciplinario al ser nacional norteamericano. Identidad donde convergen por igual, la religión, la cultura de masas, la diversidad cultural derivada de ser un país fuertemente signado por la inmigración, entre otros.
Gespeichert in:
| 1. Verfasser: | |
|---|---|
| Weitere Verfasser: | |
| Format: | Buch |
| Sprache: | Englisch |
| Veröffentlicht: |
Nueva York, EUA :
Routledge,
1997, c1997
|
| Schlagworte: | |
| Tags: |
Keine Tags, Fügen Sie das erste Tag hinzu!
|
MARC
| LEADER | 00000nam^a2200000^a^4500 | ||
|---|---|---|---|
| 001 | 000124636 | ||
| 005 | 20250521000000.0 | ||
| 009 | 20260526123254.075 | ||
| 020 | |a 0-415-12798-X | ||
| 037 | |a Acervo ITESO - Biblioteca | ||
| 041 | |a ING | ||
| 082 | |a 306. 40973 |b CAM | ||
| 100 | |a Campbell, Neil |e (autor) | ||
| 245 | 1 | 0 | |a American Cultural Studies : |b An Introduction to American Culture / |c N. Campbell, A. Kean. |
| 264 | 4 | |a Nueva York, EUA : |b Routledge, |c 1997, c1997 | |
| 300 | |a 312 p. | ||
| 336 | |a texto |b txt |2 rdacontenido | ||
| 337 | |a sin mediación |b n |2 rdamedio | ||
| 338 | |a volumen |b nc |2 rdasoporte | ||
| 520 | |a Acercamiento interdisciplinario al ser nacional norteamericano. Identidad donde convergen por igual, la religión, la cultura de masas, la diversidad cultural derivada de ser un país fuertemente signado por la inmigración, entre otros. | ||
| 649 | |a XX | ||
| 650 | |a Indígenas de América del Norte - |z EUA | ||
| 650 | |a Extranjeros en EUA | ||
| 650 | |a Diversidad Cultural - |z EUA | ||
| 650 | |a Identidad Cultural - |z EUA | ||
| 650 | |a Identidad Nacional - |z EUA | ||
| 650 | |a Diferencia y Otredad - |z EUA | ||
| 650 | |a Relaciones Interculturales - |z EUA | ||
| 650 | |a Género - |z EUA | ||
| 650 | |a Literatura Norteamericana - |x Historia y Crítica | ||
| 650 | |a Cultura de Masas - |z EUA | ||
| 650 | |a Tecnologías de Comunicación e Información - |z EUA | ||
| 650 | |a Comunicación Masiva - |z EUA | ||
| 650 | |a Antropología Cultural - |z EUA | ||
| 650 | |a Sociología de la Religión - |z EUA | ||
| 650 | |a Sociología de la Cultura - |z EUA | ||
| 700 | |a Kean, Alasdair |e (autor) | ||
| 910 | |a Fondo General | ||
| 920 | |a Impresos - Libros | ||
| 930 | |a Colección General | ||
| 905 | |a 101 | ||
| 901 | |a 0500057909 |b IT1 |c ACC |u 20250521 | ||
| 902 | |a https://opac.biblio.iteso.mx/vufind/Record/000124636 | ||